| 000 | 01476 a2200217 4500 | ||
|---|---|---|---|
| 001 | 54108 | ||
| 005 | 20260407155811.0 | ||
| 008 | 260407a1966 arg spa d | ||
| 003 | AR-UNSa-BCEJYS | ||
| 040 |
_aAR-UNSa-BCEJYS _bspa _cAR-UNSa-BCEJYS |
||
| 080 |
_a510 _xConsideraciones fundamentales y generales de las matemáticas |
||
| 245 | 1 | 0 | _aFormación matemática del economista |
| 250 | _a2a. ed. | ||
| 264 | 1 |
_aBuenos Aires : _bFondo de Cultura Económica _c1966 |
|
| 300 |
_a562 p. _c21 cm. |
||
| 505 | _a1. Recordando conceptos de Aritmética - 2. Recordando operaciones de Álgebra - 3. Nociones de Trigonometría - 4. Combinatoria,progresiones,logaritmos y aplicaciones financieras - 5. Funciones en Economía - 6. Álgebra y geometría lineal bidimensional - 7. Ecuaciones de segundo grado,cónicas y otras funciones útiles en Economía - 8. Límites,continuidad - 9. Derivación - 10. Integral indefinida - 11. Integral definida - 12. Series - 13. Fórmula de Taylor-Mac Laurin.Estudio de una curva plana - 14. Serie de Fourier y polinomios ortogonales - 15. Álgebra y geometría tridimensional - 16. Cálculo diferencial de funciones de dos variables - 17. Integrales múltiples - 18. Álgebra lineal - 19. Formas cuadráticas y extremos de funciones de n variables - 20. Ecuaciones diferenciales - 21. Operadores y ecuaciones en diferencias | ||
| 041 | _aspa | ||
| 942 | _cBK | ||
| 590 | _aniveau_biblio:m niveau_hierar:0 | ||
| 100 | 1 | _aToranzos, Fausto I. | |
| 999 |
_c5355 _d5355 |
||